| 000 | 00962nam a22002297a 4500 | ||
|---|---|---|---|
| 001 | 44079 | ||
| 003 | BD-RjUL | ||
| 005 | 20250304142931.0 | ||
| 008 | 160713s1989 bg ||||| |||| 00| 0 ben d | ||
| 020 | _c: TK 100.00 | ||
| 035 | _a(BD-RjUL)44197 | ||
| 040 |
_aBD-RjUL _bben _cBD-RjUL |
||
| 041 | _aben | ||
| 082 |
_223 _a891.4409 _bMAR 1989 |
||
| 100 |
_aমান্নান, কাজী আবদুল _9135192 |
||
| 245 | 1 | 0 |
_aরবীন্দ্রনাথ নজরুল ইসলাম ও অন্যান্য প্রসঙ্গ / _cকাজী আবদুল মান্নান |
| 260 |
_aঢাকা : _bমডার্ণ লাইব্রেরী, _c১৯৮৯ |
||
| 300 |
_a২৮৪ পৃ. ; _c২১ সেমি. |
||
| 650 |
_aবাংলা সাহিত্য _xইতিহাস ও সমালোচনা _9135362 |
||
| 650 |
_aBengali Literature _xHistory & Criticism _9135363 |
||
| 942 |
_2ddc _cBK |
||
| 999 |
_c44079 _d44079 |
||